000 00459nam a22001817a 4500
003 MPLRDC
005 20220104144059.0
008 210129b ||||| |||| 00| 0 eng d
082 _a220.7 DJFS
100 _a地皎法师监制
245 _a生命的回旋
_c
250 _a初版
260 _a
_b财团法人地藏悲愿基金会
_c2001
300 _b
490 _a地藏菩萨救了我系列
650 _a佛教杂论
942 _cBK
_o220.7 DJFS
999 _c46183
_d46173